000 00311 a2200121 4500
000 nam a22 7a 4500
005 20260305121232.0
020 _a9788185268894
100 _aAlok Mani Tripathi
_91123577
245 _aPashupatsutram Pancharth bhashyam
260 _bPratibha Prakashan
_c1998
942 _cTEXL
999 _c1688462
_d1688462